000 00929nas a2200313 4500
001 BR0303257
003 BR-BrBNA
005 20231205103912.0
007 ta
008 230509b bl.|||p| |||| 00| 00por d
040 _aBR-BrBNA
_bpor
_cBiblioteca Nacional de Agricultura
041 _a(Pt)
072 _aH10
100 1 _aHoltz, A.M.
100 1 _aOliveira, H.G. de
100 1 _aPallini, A.
100 1 _aMarinho, J.S.
100 1 _aZanuncio, J.C.
100 1 _aOliveira, C.L.
245 1 _aAdaptação de Thyrinteina arnobia em novo hospedeiro e defesa induzida por herbívoro em eucalipto
650 _aEUCALIPTO
650 _aGOIABA
650 _aHOSPEDEIRO
650 _aANIMAL HERBÍVORO
650 _aBIOLOGIA
773 0 _tPesquisa Agropecuária Brasileira (Brazil)
_xISSN 0100-204X
_g(Apr 2003), v. 38(4) p. 453-458
_wBR0303257
909 _a202311
_bLúcia
_c55
_dLúcia Elande
942 _2AGRIS
_n0
_cANA
999 _c175350
_d175350